Enrique Grau (Registro nro. 9278)

Detalles MARC
000 -CABECERA
Longitud fija campo de control 01315cam a2200361 a 4500
003 - IDENTIFICADOR DEL NUMERO DE CONTROL
Identificador del número de control CO-BoRNBP
005 - FECHA Y HORA DE LA ULTIMA TRANSACCION
Fecha y hora de la última transacción 20230330154120.0
007 - CAMPO FIJO DE DESCRIPCION FISICA
Campo fijo de descripción física ta
008 - CODIGOS DE INFORMACION DE LONGITUD FIJA
Códigos de información de longitud fija 040221s2003 ck a r 01010dspa d
020 ## - NUMERO INTERNACIONAL NORMALIZADO PARA LIBROS
Número Internacional Normalizado para Libros (ISBN) 9588156386
040 ## - FUENTE DE LA CATALOGACION
Centro catalogador de origen CO-BoRNBP
Lengua de catalogación spa
Normas de descripción rda
Centro transcriptor CO-BoRNBP
043 ## - CODIGO DE AREA GEOGRAFICA
Código de área geográfica s-ck---
082 04 - NUMERO DE LA CLASIFICACION DECIMAL DEWEY
Número de clasificación (R) 759.986
Número del ítem G71e2
100 10 - PUNTO DE ACCESO PRINCIPAL-NOMBRE DE PERSONA
Nombre de persona Grau, Enrique
Fechas asociadas al nombre 1920-2004
245 10 - TITULO PROPIAMENTE DICHO
Título Enrique Grau
Resto del título homenaje
Mención de responsabilidad, etc. textos Beigica Rodríguez ; dirección, diseño y edición Benjamín Villegas ; fotografía Julio César Flórez
250 ## - MENCION DE EDICION
Mención de edición 1a. edición
264 3# - PRODUCCION, PUBLICACION , DISTRIBUCION, FABRICACION Y COPYRIGHT
Lugar de producción, publicación, distribución, fabricación Bogotá
Nombre del productor, editor, distribuidor, fabricante Villegas Editores
Fecha de de producción, publicación, distribución, fabricación o copyright 2003
300 ## - DESCRIPCION FISICA
Extensión 319 páginas
Otras características físicas ilustraciones
Dimensiones 31 cm.
336 ## - TIPO DE CONTENIDO
Término de tipo de contenido texto
Código de tipo de contenido txt
Fuente rdacontent
337 ## - TIPO DE MEDIO
Nombre del tipo de medio sin mediación
Código del tipo de medio n
Fuente rdamedia
338 ## - TIPO DE SOPORTE
Nombre del tipo de soporte volumen
Código del tipo de soporte nc
Fuente rdacarrier
500 ## - NOTA GENERAL
Nota general Donación Villegas Editores
504 ## - NOTA DE BIBLIOGRAFIA, ETC
Nota de bibliografía, etc. Incluye bibliografía.
600 14 - PUNTO DE ACCESO ADICIONAL DE MATERIA - NOMBRE DE PERSONA
Nombre de persona Grau, Enrique
Fechas asociadas al nombre 1920-2004
Subdivisión de materia general (R ) Homenajes
600 14 - PUNTO DE ACCESO ADICIONAL DE MATERIA - NOMBRE DE PERSONA
Nombre de persona Grau, Enrique
Fechas asociadas al nombre 1920-2004
Subdivisión de materia general (R ) Trabajos pictóricos
600 14 - PUNTO DE ACCESO ADICIONAL DE MATERIA - NOMBRE DE PERSONA
Nombre de persona Grau, Enrique
Fechas asociadas al nombre 1920-2004
Subdivisión de materia general (R ) Crítica e interpretación
650 14 - PUNTO DE ACCESO ADICIONAL DE MATERIA - TERMINO DE MATERIA
Término de materia o nombre geográfico como elemento inicial Pintura colombiana
Fuente del encabezamiento LEMB
650 14 - PUNTO DE ACCESO ADICIONAL DE MATERIA - TERMINO DE MATERIA
Término de materia o nombre geográfico como elemento inicial Pintores colombianos
Fuente del encabezamiento LEMB
700 10 - PUNTO DE ACCESO ADICIONAL - NOMBRE DE PERSONA
Nombre de persona Villegas, Benjamín
Fechas asociadas al nombre 1948-
Término indicativo de función editor
700 10 - PUNTO DE ACCESO ADICIONAL - NOMBRE DE PERSONA
Nombre de persona Rodríguez, Beigica
700 10 - PUNTO DE ACCESO ADICIONAL - NOMBRE DE PERSONA
Nombre de persona Flórez, Julio César
Término indicativo de función fotógrafo
942 ## - ENTRADA DE ELEMENTOS AGREGADOS (KOHA)
Fuente de clasificaión o esquema Dewey Decimal Classification
Koha [por defecto] tipo de item LIbro
Existencias
Perdido Fuente de clasificación o esquema Estado Físico No para préstamo Forma de adquisición Localización permanente Localización actual Localización en estanterías Fecha adquisición Préstamos totales Signatura completa Código de barras Fecha última consulta Número de copia Fecha del precio de reemplazo Tipo de item de Koha Número de registro
  Dewey Decimal Classification     Colección General Biblioteca Pública Cubarral Biblioteca Pública Cubarral General 08/11/2023   759.986 G71e2 CUB02813 08/11/2023 Ej.1 08/11/2023 LIbro  
  Dewey Decimal Classification     Colección General Biblioteca Pública Lejanias Biblioteca Pública Lejanias General 12/12/2025   759.986 G71e2 LEJ01742 12/12/2025 Ej.1 12/12/2025 LIbro  
  Dewey Decimal Classification     Colección General Biblioteca Pública Puerto Lleras Biblioteca Pública Puerto Lleras General 07/02/2025   759.986 G71e2 PLL02242 07/02/2025 Ej.1 07/02/2025 LIbro  
  Dewey Decimal Classification     Colección General Biblioteca Pública San Carlos de Guaroa - Eduardo Carranza Biblioteca Pública San Carlos de Guaroa - Eduardo Carranza General 06/06/2025   759.986 G71e2 SG03308 06/06/2025 Ej.1 06/06/2025 LIbro  
  Dewey Decimal Classification     Colección General Biblioteca Pública El Castillo - Alfonso Meneses Biblioteca Pública El Castillo - Alfonso Meneses General 07/06/2023   759.958 G71e2 EC00913 07/06/2023 Ej.1 07/06/2023 LIbro  
  Dewey Decimal Classification     Colección General Biblioteca Pública Guamal Biblioteca Pública Guamal General 03/30/2023   759.986 G71e2 GUA002847 03/30/2023 Ej.1 03/30/2023 LIbro  
  Dewey Decimal Classification       Biblioteca Pública Vistahermosa Biblioteca Pública Vistahermosa   03/06/2024   752 VIST00977 03/06/2024 Ej.1 03/06/2024 LIbro 752P63









Instituto Departamental de Cultura del Meta - Red Departamental de Bibliotecas Públicas del Meta.